000 00745nam a2200241Ia 4500
005 20260430150406.0
008 008 250103s9999 xx 000 0 eng d
037 _aTheses
040 _aCRL
040 _beng
040 _ceng
041 _2eng
041 _aeng
084 _qCRL
100 _aGarg Shafali Au.; Sharma Radhey Shyam Gu.; Dumee Ludovic Gu.
_91237363
245 0 _aOccurrence, Treatment and Ecological Health Implications of Per-/Poly-Fluoroalkyl Substances (PFAS) and Phenols in Textile Effluent
260 _c2023
300 _a358p.
650 _aEnvironmental Science
700 _aUniversity of Delhi. Faculty of Science. Deptt. of Environment Studies
_91237362
942 _cTH
999 _c1849672
_d1849672